000 00302nam a22001337a 4500
008 171006b xxu||||| |||| 00| 0 eng d
020 _a9780495186786
041 _aeng
080 _27TH
_a159.9
100 _a49
101 _aPSI
245 _aDEVELOPMENTAL PSYCHOLOGY
_cSHAFFER,D.R
942 _2udc
_cBK
999 _c32199
_d32199